Celebrity Deaths 2014 Quiz Stats

 Plays Quiz not verified by Sporcle

Score 0/56 Timer 15:00
0 Plays Today
% Correct
Phillip Seymour Hoffman
81.3%
Robin Williams
79.3%
Harold Ramis
76%
Ann B Davis
74.7%
Bob Hoskins
72.7%
Casey Kasem
72.7%
Shirley Temple
72%
Joe Cocker
72%
Tommy Ramone
70.7%
James Avery
68.7%
James Garner
68.7%
Joan Rivers
66.7%
Phil Everly
65.3%
Russell Johnson
62%
Oscar de la Renta
59.3%
Richard Kiel
58.7%
Ultimate Warrior
56%
Sid Caesar
52.7%
Meshach Taylor
52.7%
Marcia Strassman
50.7%
Dave Madden
50%
Maximillian Schell
49.3%
Richard Attenborough
46%
Maya Angelou
44%
Carol Ann Susi
42%
Eli Wallach
41.3%
Edward Herrmann
41%
Jim Lange
39.3%
% Correct
Pete Seeger
39.3%
Elaine Stritch
38.7%
Ruby Dee
38%
Mickey Rooney
36%
Chuck Noll
36%
Sheila MacRae
35.3%
Lauren Bacall
35.3%
David Brenner
34.7%
L'Wren Scott
34%
Richard Bull
31.3%
Polly Bergen
30.7%
Mary Grace Canfield
30%
Jan Hooks
29.3%
Mae Young
28%
John Pinette
28%
Barbara Lawrence
26%
Skye McCole Bartusiak
25.3%
Ralph Waite
24.7%
James Rebhorn
24.7%
Diem Brown
24.7%
Ruth Robinson Duccini
22.7%
Sarah Goldberg
22%
Charles Keating
21.3%
Kevin Sharp
17.3%
Ryan Knight
14%
Jerry Vale
13.3%
Roy Garber
12.7%
Eric Lawson
7.3%

You're not logged in!

Compare scores with friends on all Sporcle quizzes.
OR
Log In

Show Comments

Extras

Top Quizzes Today


Score Distribution

Your Account Isn't Verified!

In order to create a playlist on Sporcle, you need to verify the email address you used during registration. Go to your Sporcle Settings to finish the process.

Report this User

Report this user for behavior that violates our Community Guidelines.

Details: